Malyj innovacionnyj biznes. Opyt stran Zapada i ispol'zovanije jego v innovacionnom mechanizme SSSR.
Úloha malého inovačného podnikania v ekonomike rozvinutých kapitalistických krajín. Skúsenosti s malým podnikaním v USA a ich podiel na veľkých národných projektoch. Úloha štátu pri priamom a nepriamom regulovaní cyklu idea - trh. Možnosti využitia malých foriem organizácie v inovačnom mechanizme ZS...
Uložené v:
| Hlavný autor: | |
|---|---|
| Médium: | Kapitola |
| Jazyk: | Russian |
| Predmet: | |
| Tagy: |
Žiadne tagy, Buďte prvý, kto otaguje tento záznam!
|
MARC
| LEADER | 00000naa a2200000 4500 | ||
|---|---|---|---|
| 001 | r005686 | ||
| 005 | 20221208123202.8 | ||
| 041 | 0 | |a rus | |
| 044 | |a [SU] | ||
| 245 | 1 | 0 | |a Malyj innovacionnyj biznes. |b Opyt stran Zapada i ispol'zovanije jego v innovacionnom mechanizme SSSR. |c V. Firsov |
| 520 | |a Úloha malého inovačného podnikania v ekonomike rozvinutých kapitalistických krajín. Skúsenosti s malým podnikaním v USA a ich podiel na veľkých národných projektoch. Úloha štátu pri priamom a nepriamom regulovaní cyklu idea - trh. Možnosti využitia malých foriem organizácie v inovačnom mechanizme ZSSR. | ||
| 610 | 2 | 0 | |a inovácia |
| 610 | 2 | 0 | |a podnik malý |
| 610 | 2 | 0 | |a USA |
| 610 | 2 | 0 | |a ZSSR |
| 610 | 2 | 0 | |a podnikanie |
| 610 | 2 | 0 | |a štát-podnik |
| 100 | 1 | |a Firsov, V. | |